| 000 | 00581nam a22001817a 4500 | ||
|---|---|---|---|
| 005 | 20251108164150.0 | ||
| 008 | 250721s1985 xx 000 0 ara d | ||
| 082 | 1 | 4 | _a211.2/جزر |
| 100 | 1 | _aإبن الجزري، شمس الدين أبو الخير محمد ... | |
| 245 | 1 | 0 | _aالتمهيد في علم التجويد / |
| 264 | 1 |
_aالرياض : _bمكتبة المعارف، _c1985. |
|
| 300 | _a247ص. | ||
| 650 | 1 | 7 | _aالقرآن الكريم |
| 650 | 1 | 7 | _aالتجويد |
| 700 | 1 |
_aالبواب، علي حسين _eتحقيق |
|
| 942 |
_2ddc _cREF |
||
| 999 |
_c5293 _d5293 |
||